| 000 | 00571nam a2200205 u 4500 | ||
|---|---|---|---|
| 005 | 20240228064322.0 | ||
| 008 | 180124s1990 ea r 000 0 spa d | ||
| 020 | _a0590293567 | ||
| 035 | _aUPN01000222383 | ||
| 049 | _aI | ||
| 050 | 4 |
_aPZ7 _bR6.27 |
|
| 100 | 1 |
_aRoe, Eileen _941852 |
|
| 245 | 1 | 0 |
_aAsí soy yo / _cEileen Roe ; il. Helen Cogancherry. |
| 260 |
_aNew York : _bScholastic, _c1990. |
||
| 300 |
_a23 p. : _bil. col. |
||
| 534 |
_pTítulo original: _tAll I am |
||
| 650 | 4 |
_aLibros y lectura para niños _92290 |
|
| 905 | _aInfantil | ||
| 999 |
_c194480 _d194480 |
||